Colegio Politécnico para internos : Gracia, Travesera de S. Andrés (Afueras de Barcelona) Gracia, Travesera de S. Andrés (Afueras de Barcelona)
Descripción Física:
[10] p. ; 20 cm
Materias:
Colegio Politécnico (Barcelona)
MARC
| LEADER | 00000nam a2200000Ia 4500 | ||
|---|---|---|---|
| 001 | 12672 | ||
| 008 | 160829s9999 xx 000 0 cat d | ||
| 080 | |a RF-1-39 | ||
| 100 | |a Colegio Politécnico (Barcelona) |9 23970 | ||
| 245 | |a Colegio Politécnico para internos : |b Gracia, Travesera de S. Andrés (Afueras de Barcelona) | ||
| 260 | |a [Barcelona: |b s.n.], [18 - - ?] | ||
| 300 | |a [10] p. ; |c 20 cm | ||
| 650 | |a Colegio Politécnico (Barcelona) |9 23970 | ||
| 856 | 4 | |u https://media.diba.cat/diba/fitxers/arxiu/fulletons/bib_12672_baixa.pdf |y Accés lliure | |
| 856 | 4 | |u https://media.diba.cat/diba/fitxers/arxiu/fulletons/bib_12672_baixa.pdf |y Accés lliure | |
| 901 | |a Arxiu | ||
| 942 | |n 1 |2 udc | ||
| 952 | |0 0 |1 0 |4 0 |6 RF139 |7 1 |9 42934 |a Arxiu |b Arxiu |d 2016-12-01 |l 0 |o RF-1-39 |p 12672 |r 2016-12-01 00:00:00 |w 2016-12-01 |y ARXIU | ||
| 999 | |c 45440 |d 45440 | ||
| 900 | |a bib_12672_baixa.pdf | ||